| 000 | 01119cam a22003017a 4500 | ||
|---|---|---|---|
| 003 | CHAP | ||
| 005 | 20220329134724.0 | ||
| 008 | 971013s1974 r 00010 d | ||
| 010 | _a24818 | ||
| 011 | _a25790 | ||
| 035 | _a29890 | ||
| 040 | _cCHAP | ||
| 090 | _aFolleto 4465 | ||
| 110 |
_aNaciones Unidas. Instituto de Investigación para el Desarrollo Social _980017 |
||
| 245 | 1 | 4 |
_aThe social and economic implications of large-scale introduction of new varieties of foodgrain _b: summary of conclusions of a global project |
| 260 |
_aGeneva : _bInstituto de Investigación de las Naciones Unidas para el Desarrollo Social, _c1974 |
||
| 300 | _a55 p | ||
| 590 |
_aBATCH-UPD _b10 _c20130110 _lUCH01 _h2014 |
||
| 590 |
_aBATCH-UPD _b10 _c20130410 _lUCH01 _h1332 |
||
| 590 |
_aBATCH-UPD _b10 _c20130914 _lUCH01 _h0823 |
||
| 590 |
_aCONVERSION _b10 _c20130109 _lUCH01 _h1314 |
||
| 650 | 1 | 4 |
_aAgricultura _xInnovaciones tecnológicas. _91565 |
| 650 | 1 | 4 |
_aCambio social. _917787 |
| 650 | 1 | 4 |
_aCereales _xIntroducción. _921428 |
| 901 | _aBK | ||
| 942 | _cFOLL | ||
| 949 |
_aFolleto 4465 _bBC _cFOLL _d-68993 _eTS1 _i29890 _mD _si |
||
| 999 |
_c24818 _d24818 |
||